| 000 | 00556nam a2200181Ia 4500 | ||
|---|---|---|---|
| 999 |
_c15843 _d15843 |
||
| 003 | OSt | ||
| 005 | 20200606115835.0 | ||
| 008 | 190216s9999||||xx |||||||||||||| ||und|| | ||
| 020 | _a8186103236 | ||
| 040 | _cMESKC library | ||
| 082 |
_a891.43 _bKAU/P |
||
| 100 |
_aKaushal, Kailash _9200 |
||
| 245 | 0 |
_aPremchand evm Prasad ke Kahani Sahitya ka Thulnatmak Adhayyann / _cKailash Kaushal |
|
| 260 |
_bRajasthani Granthagar, _aJodhpur: _c1995. |
||
| 300 | _a176p | ||
| 650 | _aHindi | ||
| 942 |
_cBK _2ddc _h891.43 _iKAU/P _k891.43 _mKAU/P |
||